| 000 | 00983naa a2200193 4500 | ||
|---|---|---|---|
| 001 | 2162214035924863 | ||
| 003 | UA-OsUOA | ||
| 005 | 20240417124909.0 | ||
| 008 | 240417b un ||||| |||| 00| 0 ukr d | ||
| 040 |
_aUA-OsUOA _bukr _cUA-OsUOA _dUA-OsUOA |
||
| 041 | _aukr | ||
| 080 | _a908 | ||
| 090 | _a908 | ||
| 245 | _a Рапорт виконуючого обов'язки екстраординарного професора університету св. Володимира В. Ф. Домбровського київському генерал-губернатору Д. Г. Бібікову про підсумки археографічної експедиції. 1843 р., серпня 20 | ||
| 300 | _aС. 260–261 | ||
| 650 | _2UDC | ||
| 773 | 0 |
_0328504 _9351107 _dЛуцьк Вежа 1999 _o100077 _t"Роде наш красний..." Волинь у долях краян і людських документах _w(UA-OsUOA) 42415 _z5776385768 |
|
| 942 |
_2udc _cBKA |
||
| 999 |
_c576198 _d576198 |
||